Famous Epic Poems Quiz Stats

 Plays Quiz Updated Sep 2, 2019

Score 0/20 Timer 06:00
0 Plays Today
Synopsis Epic Poem % Correct
A Greek hero encounters many obstacles on his long journey home from Troy.Odyssey
89.8%
A conflict arises between Achilles and Agamemnon in the final weeks of the Trojan War.Iliad
87.2%
An Anglo-Saxon hero battles three monsters (notably Grendel), becomes king and dies after being mortally wounded.Beowulf
69.1%
Adam and Eve are tempted by Satan and expelled from the Garden of Eden.Paradise Lost
63.9%
A Sumerian king goes on adventures with his companion Enkidu, and searches for immortality after the latter's death.Epic of Gilgamesh
55.4%
Dante is guided by the poet Virgil through the three realms of the dead: hell, purgatory and paradise.Divine Comedy
52.1%
Jason, on an oracle's advice, assembles a shipload of fifty heroes to retrieve the Golden Fleece.Argonautica
51.7%
A Trojan hero flees the burning of Troy and goes to Italy, becoming the ancestor of the Romans.Aeneid
51.3%
A series of unconnected transformation stories central to the mythological creation and history of the world.Metamorphoses
34.9%
A pious Hebrew man struggles to retain his piety through trials with Satan, and to reconcile the existence of evil with the belief in God.Book of Job
33.4%
Synopsis Epic Poem % Correct
Various American Indian legends are compiled, centering around an Ojibwe hero and his love for his wife, Minehaha.Song of Hiawatha
20.9%
Charlemagne's army, retreating from Spain, is attacked and courageously fights a losing battle against the Basques.Song of Roland
18.9%
Rama, an incarnation of Vishnu, pursues the demon king Ravana in an effort to reunite with his kidnapped wife Sita.Ramayana
16%
Many traditional Norse poems compiled into one volume.Poetic Edda
13.7%
Five brothers gamble away their money and spend time in exile before returning to reclaim the throne of India, culminating in the Battle of Kurukshetra and the death of Krishna.Mahabharata
9.5%
The dragon-slayer Siegfried lives at the Court of the Burgundians, is murdered and then avenged.Nibelungenlied
8.7%
A compilation of many traditional Finnish and Karelian folktales dealing with the creation and history of the world.Kalevala
6.4%
A disabled Mandinka man raises an army to overthrow the king of Sosso and becomes the first ruler of the Mali Empire.Epic of Sundiata
2.8%
Two clans, the Taira and the Minamoto, struggle for control of Japan in the Genpei War in the 12th century.Tale of the Heike
2.4%
A Kyrgyz hero and his followers defend their people against invading Kitay and Kalmak enemies.Epic of Manas
1.6%

You're not logged in!

Compare scores with friends on all Sporcle quizzes.
OR
Log In

Sporcle TV

Today on Sporcle TV


Watch our educational content, quiz creation guides, and fun videos on Sporcle TV.

Show Comments

Extras

Top Quizzes Today


Score Distribution

Your Account Isn't Verified!

In order to create a playlist on Sporcle, you need to verify the email address you used during registration. Go to your Sporcle Settings to finish the process.

Report this User

Report this user for behavior that violates our Community Guidelines.

Details: